[Event "COL-ch U16"]
[Site "Villavicencio"]
[Date "2013.06.13"]
[Round "1"]
[White "Acosta Cubides, Jorian Jared"]
[Black "Gomez Guardo, Cristian"]
[Result "1-0"]
[WhiteElo "1969"]
[BlackElo "1774"]
[PlyCount "89"]
[EventDate "2013.06.13"]
[EventType "swiss"]
[EventRounds "7"]
[EventCountry "COL"]
[SourceTitle "EXT 2018"]
[Source "ChessBase"]
[SourceDate "2017.10.13"]
[SourceVersion "1"]
[SourceVersionDate "2017.10.13"]
[SourceQuality "1"]

1. e4 c5 2. Nf3 Nc6 3. d4 cxd4 4. Nxd4 Nf6 5. Nc3 d6 6. Bc4 Bd7 7. Be3 g6 8. Bb3 Bg7 9. f3 Na5 10. Qd2 h5 11. 0-0-0 Rc8 12. h3 Nxb3+ 13. Nxb3 Qc7 14. g4 b5 15. Bd4 b4 16. Nd5 Qc4 17. Nxf6+ exf6 18. Kb1 a6 19. g5 Qe6 20. Qxb4 0-0 21. Bxf6 Bxf6 22. gxf6 Qxf6 23. Qxd6 Be6 24. Qd3 Bc4 25. Qe3 Qc6 26. Na5 Qb5 27. Nxc4 Rxc4 28. Rd5 Qa4 29. Qd2 Kh7 30. b3 Rb8 31. Ka1 Qb4 32. Qxb4 Rcxb4 33. Rd6 Rc8 34. Kb2 a5 35. a3 Rb5 36. Rd5 Rbc5 37. Rxc5 Rxc5 38. b4 axb4 39. axb4 Rb5 40. Kb3 Kg7 41. c4 Rb8 42. f4 Kf6 43. h4 Rd8 44. Kc3 Ke6 45. Ra1 1-0

[Event "COL-ch U16"]
[Site "Villavicencio"]
[Date "2013.06.13"]
[Round "2"]
[White "Gomez Guardo, Cristian"]
[Black "Munoz Romero, Cristian Camilo"]
[Result "0-1"]
[WhiteElo "1774"]
[BlackElo "1938"]
[PlyCount "60"]
[EventDate "2013.06.13"]
[EventType "swiss"]
[EventRounds "7"]
[EventCountry "COL"]
[SourceTitle "EXT 2018"]
[Source "ChessBase"]
[SourceDate "2017.10.13"]
[SourceVersion "1"]
[SourceVersionDate "2017.10.13"]
[SourceQuality "1"]

1. c4 g6 2. Nc3 Bg7 3. d4 d6 4. g3 Nc6 5. Nf3 e5 6. d5 Nce7 7. Bg2 f5 8. e4 Nf6 9. 0-0 0-0 10. Nh4 a6 11. f4 exf4 12. gxf4 fxe4 13. Nxe4 Nxe4 14. Bxe4 Nf5 15. Nxf5 Bxf5 16. Bxf5 Rxf5 17. Qg4 b5 18. cxb5 axb5 19. Rd1 Ra4 20. Qe2 Qh4 21. Qe6+ Kh8 22. Qe8+ Rf8 23. Qe2 g5 24. b3 Re4 25. Qxe4 Qg4+ 26. Kf2 Qxd1 27. Rb1 Bd4+ 28. Kg2 Qg1+ 29. Kh3 g4+ 30. Kh4 Bf6+ 0-1